Licensed conveyancers (Record no. 64071)
[ view plain ]
| 000 -LEADER | |
|---|---|
| fixed length control field | 00927cam a2200169 4500 |
| 001 - CONTROL NUMBER | |
| control field | X107181 |
| 008 - FIXED-LENGTH DATA ELEMENTS--GENERAL INFORMATION | |
| fixed length control field | 000000n2000 000 0 eng u |
| 035 ## - SYSTEM CONTROL NUMBER | |
| System control number | (Sirsi) u107181 |
| 245 ## - TITLE STATEMENT | |
| Title | Licensed conveyancers |
| 260 ## - PUBLICATION, DISTRIBUTION, ETC. | |
| Date of publication, distribution, etc. | 2000 |
| 490 ## - SERIES STATEMENT | |
| Series statement | Estates Gazette |
| Volume/sequential designation | [2000] EGCS 71 (24/06/2000) |
| 520 ## - SUMMARY, ETC. | |
| Summary, etc. | "R V Council for Licensed Conveyancers, ex parte West", QBD 7 June 2000. Respondent resolvign to bring disciplinary proceedings against applicant conveyancer - delay in respondent serving notice of hearing upon applicant - disciplinary and appeals committee deciding charges ought to proceed - whether committee erred in law - Licensed Conveyancers' Discipline and Appeals Committee (Procedure) Rules Approval Order 1987 para4(1) - application dismissed. |
| 650 ## - SUBJECT ADDED ENTRY--TOPICAL TERM | |
| Topical term or geographic name entry element | CONVEYANCING |
| 650 ## - SUBJECT ADDED ENTRY--TOPICAL TERM | |
| Topical term or geographic name entry element | R V LICENSED CONVEYANCERS COUNCIL EX P WEST |
| 690 ## - LOCAL SUBJECT ADDED ENTRY--TOPICAL TERM (OCLC, RLIN) | |
| Topical term or geographic name as entry element | MANAGEMENT-BUSINESS MANAGEMENT-PROFESSIONAL PRACTICE |
| 942 ## - ADDED ENTRY ELEMENTS (KOHA) | |
| Suppress in OPAC | 0 |
| Withdrawn status | Lost status | Source of classification or shelving scheme | Damaged status | Not for loan | Home library | Current library | Shelving location | Date acquired | Total Checkouts | Full call number | Barcode | Date last seen | Copy number | Price effective from | Koha item type |
|---|---|---|---|---|---|---|---|---|---|---|---|---|---|---|---|
| Dewey Decimal Classification | London | London | News article | 17/07/2000 | X107181 | 107181-1001 | 06/08/2019 | 1 | 06/08/2019 | Law report |